000 00611nam a2200181Ia 4500
003 GCL
008 140319s9999 xx 000 0 ara d
040 _aGCL /
_cGCL
082 0 4 _a792.09
_bم ا
100 1 _aمختار السويفى
245 1 0 _aالوان من النشاط المسرحى فى العالم (هدية من الاديب عبدالفتاح الجمل) /
_cمختار السويفى
300 _a145 ص
490 _aكتب ثقافية
_v0
650 0 4 _aالمسرح العربى
650 0 4 _aالمسرح اليونانى
650 0 4 _aالمسرح الالمانى
942 _2ddc
_cBK
999 _c40146
_d40146